Manual de instalaciones eléctricas, residenciales e industriales / (Registro nro. 10445)

Detalles MARC
000 -LIDER
fixed length control field 01015nam a22003137a 4500
001 - NÚMERO DE CONTROL
Identificador de número de control 6541
003 - IDENTIFICACDOR DE NÚMERO DE CONTROL
control field DO-SdBNP
005 - DATE AND TIME OF LATEST TRANSACTION
control field 20171110113956.0
007 - CAMPOS FIJOS DE DESCRIPCIÓN FÍSICA
fixed length control field 6541
008 - ELEMENTOS DE LONGITUD FIJA
fixed length control field 160620b 1996 mx |||| |||| 00| 0 spa d
020 ## - ISBN
International Standard Book Number 9681851911
040 ## - FUENTE DE CATALOGACIÓN
Agencia que crea de manera original el registro BPMSU
Idioma de catalogación spa
Agencia que realiza la transcripción BPMSU
082 #4 - NÚMERO DE CLASIFICACIÓN DECIMAL DE DEWEY
Classification number 621.31
Item number H293m, 1996
100 10 - ASIENTO PRINCIPAL -- NOMBRE PERSONAL
Nombre personal Enríquez Harper, Gilberto.
245 10 - MENCIÓN DE TITULO
Título Manual de instalaciones eléctricas, residenciales e industriales /
Mención de responsabilidad Gilberto Enríquez Harper.
250 ## - MENCIÓN DE EDICION
Mención de edición 2a. ed.
260 0# - PUBLICACIÓN, DISTRIBUCIÓN, ETC. (PIE DE IMPRENTA)
Lugar de publicación, distribución, etc México, D.F. :
Nombre del editor, distribuidor, etc. Limusa,
Fecha de publicación, distribución, etc 1996
300 ## - DESCRIPCIÓN FÍSICA
Extensión 437 p. :
Otros detalles físicos il. ;
Dimensiones 25 cm.
490 1# - MENCIÓN DE SERIES
Mención de serie Textos politénicos
-- Electrotecnia
504 ## - NOTA DE BIBLIOGRAFÍA, ETC.
Bibliography, etc Incluye bibliografía.
650 ## - ENCABEZAMIENTO DE MATERIA--TEMÁTICO
Término temático o nombre geográfico como elemento de entrada INSTALACIONES ELÉCTRICAS
Subdivisión de forma MANUALES
650 #4 - ENCABEZAMIENTO DE MATERIA--TEMÁTICO
Término temático o nombre geográfico como elemento de entrada ELECTRICIDAD
650 #4 - ENCABEZAMIENTO DE MATERIA--TEMÁTICO
Término temático o nombre geográfico como elemento de entrada INSTALACIONES ELÉCTRICAS INTERIORES
830 ## - ASIENTO SECUNDARIO DE SERIE--TÍTULO UNIFORME
Título uniforme Textos politénicos
Nombre de la parte o sección de una obra Electrotecnia
910 ## - VALIDACIÓN
Validación Validado. Control de calidad MFF
942 ## - ADDED ENTRY ELEMENTS (KOHA)
Source of classification or shelving scheme Dewey Decimal Classification
Koha item type Libros
945 ## - INFORMACIÓN DE PROCESAMIENTO LOCAL
Información de procesamiento local Invetariado extranjerov / 2017 VM
956 ## - LOCAL ELECTRONIC LOCATION AND ACCESS (OCLC)
Nombre de host VMATEO
Número de acceso 10
Información de compresión 20160620
Trayectoria BPMSU
Nombre Electrónico 0069
Existencias
Withdrawn status Lost status Source of classification or shelving scheme Damaged status Not for loan Home library Current library Date acquired Source of acquisition Total Checkouts Full call number Barcode Date last seen Price effective from Koha item type
    Dewey Decimal Classification     Biblioteca Pública Metropolitana Salomé Ureña Biblioteca Pública Metropolitana Salomé Ureña 06/20/2016 Donado Fundación Economía y Desarrollo   621.31 H293m, 1996 BPMSU16060253 06/20/2016 06/20/2016 Libros